Allah's torch : (Record no. 176853)
[ view plain ]
| 000 -LEADER | |
|---|---|
| fixed length control field | 01428 a2200289 4500 |
| 003 - CONTROL NUMBER IDENTIFIER | |
| control field | Nust |
| 005 - DATE AND TIME OF LATEST TRANSACTION | |
| control field | 20221219095026.0 |
| 010 ## - LIBRARY OF CONGRESS CONTROL NUMBER | |
| LC control number | 2004052554 |
| 020 ## - INTERNATIONAL STANDARD BOOK NUMBER | |
| International Standard Book Number | 0060560908 (alk. paper) |
| 035 ## - SYSTEM CONTROL NUMBER | |
| System control number | (OCoLC)ocm56032735 |
| 040 ## - CATALOGING SOURCE | |
| Transcribing agency | Nust |
| 082 00 - DEWEY DECIMAL CLASSIFICATION NUMBER | |
| Classification number | 303.62,DAH |
| 100 1# - MAIN ENTRY--PERSONAL NAME | |
| Personal name | Dahlby, Tracy. |
| 9 (RLIN) | 27240 |
| 245 10 - TITLE STATEMENT | |
| Title | Allah's torch : |
| Remainder of title | a report from behind the scenes in Asia's war on terror / |
| Statement of responsibility, etc. | Tracy Dahlby. |
| 250 ## - EDITION STATEMENT | |
| Edition statement | 1st ed. |
| 260 ## - PUBLICATION, DISTRIBUTION, ETC. | |
| Place of publication, distribution, etc. | New York : |
| Name of publisher, distributor, etc. | William Morrow, |
| Date of publication, distribution, etc. | c2005. |
| 300 ## - PHYSICAL DESCRIPTION | |
| Extent | x, 307 p. ; |
| Dimensions | 24 cm. |
| 505 ## - FORMATTED CONTENTS NOTE | |
| Formatted contents note | Holy War (Paeg-11), Unbottled Lightning (Paeg-20), Unhappy Campers (Paeg-33), Mike (Paeg-50), Murders and Thieves (Paeg-62), Paradise (Paeg-71), Frogs (Paeg-85), Original Sin (Paeg-96), Escape (Paeg-108), Battle of Wills (Paeg-125), Hidden Force (Paeg-137), Fear Itself (Paeg-150), Fatwa (Paeg-168), Rizieq (Paeg-186), Dead Men Walking (Paeg-199), Lair (Paeg-211), Terror High (Paeg-222), The Mellow and The Brave (Paeg-243), Wild Horse (Paeg-256), Java Man (Paeg-269). |
| 600 10 - SUBJECT ADDED ENTRY--PERSONAL NAME | |
| Personal name | Dahlby, Tracy. |
| 9 (RLIN) | 27240 |
| 650 #0 - SUBJECT ADDED ENTRY--TOPICAL TERM | |
| Topical term or geographic name entry element | Americans |
| Geographic subdivision | Indonesia |
| 9 (RLIN) | 105153 |
| 650 #0 - SUBJECT ADDED ENTRY--TOPICAL TERM | |
| Topical term or geographic name entry element | Anti-Americanism |
| Geographic subdivision | Indonesia. |
| 9 (RLIN) | 105154 |
| 650 #0 - SUBJECT ADDED ENTRY--TOPICAL TERM | |
| Topical term or geographic name entry element | Journalists |
| Geographic subdivision | Indonesia |
| 9 (RLIN) | 105155 |
| 650 #0 - SUBJECT ADDED ENTRY--TOPICAL TERM | |
| Topical term or geographic name entry element | Terrorism |
| General subdivision | Religious aspects |
| -- | Islam. |
| 9 (RLIN) | 8478 |
| 650 #0 - SUBJECT ADDED ENTRY--TOPICAL TERM | |
| Topical term or geographic name entry element | Terrorism |
| Geographic subdivision | Indonesia. |
| 9 (RLIN) | 105156 |
| 856 41 - ELECTRONIC LOCATION AND ACCESS | |
| Materials specified | Table of contents only |
| Uniform Resource Identifier | <a href="http://www.loc.gov/catdir/toc/fy0712/2004052554.html">http://www.loc.gov/catdir/toc/fy0712/2004052554.html</a> |
| 942 ## - ADDED ENTRY ELEMENTS (KOHA) | |
| Source of classification or shelving scheme | |
| Koha item type | Book |
| Call number prefix | 303.62,DAH |
| Withdrawn status | Lost status | Source of classification or shelving scheme | Damaged status | Not for loan | Permanent Location | Current Location | Shelving location | Date acquired | Full call number | Barcode | Date last seen | Price effective from | Koha item type | Public note |
|---|---|---|---|---|---|---|---|---|---|---|---|---|---|---|
| Military College of Signals (MCS) | Military College of Signals (MCS) | General Stacks | 12/12/2016 | 303.62,DAH | MCS31789 | 12/08/2016 | 12/12/2016 | Book | Almirah No.49, Shelf No.2 |
